000 00413nam a2200157Ia 4500
003 0STCL
008 150530s9999 xx 000 0 und d
040 _aSTCL
_cSTCL
100 _aSinha,M.R. Ed
245 _aQuarterly journal of Indian studies in social sciences vol-I
260 _bIndian Institute of Asian Studies
_c1967
546 _aEnglish
942 _2ddc
_cBK
999 _c5729
_d5729
005 20220125165418.0